000 00391nam a2200157Ia 4500
008 230917s9999||||xx |||||||||||||| ||und||
020 _cRS10
040 _e5631
_aMAIN
041 _aEnglish
082 _a615.532 K416L
100 _aKent, James Tyler
245 0 _aLectures on homoeopathic philosophy
260 _aNew Delhi
_bB Jain Publishers
_c1979
300 _a276 p.
942 _cBK
999 _c217103
_d217103